<?xml version="1.0" encoding="UTF-8"?>
<record
    xmlns:xsi="http://www.w3.org/2001/XMLSchema-instance"
    xsi:schemaLocation="http://www.loc.gov/MARC21/slim http://www.loc.gov/standards/marcxml/schema/MARC21slim.xsd"
    xmlns="http://www.loc.gov/MARC21/slim">

  <leader>00815nam a22001817a 4500</leader>
  <datafield tag="040" ind1=" " ind2=" ">
    <subfield code="a">NEGST Library - Kenya</subfield>
    <subfield code="c">NEGST Library - Kenya</subfield>
    <subfield code="d">NEGST Library - Kenya</subfield>
  </datafield>
  <datafield tag="050" ind1="1" ind2="4">
    <subfield code="a">RA 441.5</subfield>
    <subfield code="b">S68 2007.</subfield>
  </datafield>
  <datafield tag="245" ind1=" " ind2=" ">
    <subfield code="a">South - South :</subfield>
    <subfield code="b">connecting communities with their health systems, September 10-12, 2007, AMREF International Training Centre, Nairobi</subfield>
  </datafield>
  <datafield tag="246" ind1="2" ind2=" ">
    <subfield code="a">Connecting communities with their health systems.</subfield>
  </datafield>
  <datafield tag="260" ind1=" " ind2=" ">
    <subfield code="a">Nairobi, Kenya :</subfield>
    <subfield code="b">AMREF,</subfield>
    <subfield code="c">2007.</subfield>
  </datafield>
  <datafield tag="500" ind1=" " ind2=" ">
    <subfield code="a">[Africana].</subfield>
  </datafield>
  <datafield tag="650" ind1=" " ind2=" ">
    <subfield code="a">Public health</subfield>
    <subfield code="z">Developing countries.</subfield>
    <subfield code="9">3531</subfield>
  </datafield>
  <datafield tag="650" ind1=" " ind2=" ">
    <subfield code="a">Public health</subfield>
    <subfield code="z">Africa.</subfield>
    <subfield code="9">3532</subfield>
  </datafield>
  <datafield tag="650" ind1=" " ind2=" ">
    <subfield code="a">Community development</subfield>
    <subfield code="z">Developing countries.</subfield>
    <subfield code="9">3533</subfield>
  </datafield>
  <datafield tag="710" ind1="1" ind2=" ">
    <subfield code="a">African Medical and Research Foundation.</subfield>
    <subfield code="9">3534</subfield>
  </datafield>
  <datafield tag="856" ind1=" " ind2=" ">
    <subfield code="a">Electronic resource</subfield>
    <subfield code="u">http://www.amref.org/docs/South-South%20Report.pdf</subfield>
  </datafield>
  <datafield tag="942" ind1=" " ind2=" ">
    <subfield code="2">lcc</subfield>
    <subfield code="c">DIG</subfield>
  </datafield>
  <datafield tag="999" ind1=" " ind2=" ">
    <subfield code="c">45493</subfield>
    <subfield code="d">45467</subfield>
  </datafield>
  <datafield tag="952" ind1=" " ind2=" ">
    <subfield code="0">0</subfield>
    <subfield code="1">0</subfield>
    <subfield code="2">lcc</subfield>
    <subfield code="4">0</subfield>
    <subfield code="7">0</subfield>
    <subfield code="a">CPL</subfield>
    <subfield code="b">CPL</subfield>
    <subfield code="d">2010-04-12</subfield>
    <subfield code="l">0</subfield>
    <subfield code="o">RA 441.5S68 2007.</subfield>
    <subfield code="r">2010-04-12 00:00:00</subfield>
    <subfield code="w">2010-04-12</subfield>
    <subfield code="y">DIG</subfield>
  </datafield>
</record>
